000 00362nam a2200157Ia 4500
003 0STCL
008 150530s9999 xx 000 0 und d
040 _aSTCL
_cSTCL
100 _aEdward Wagenkanecht; Ed
245 _aChaucer
260 _bOxford University press
_c1959
546 _aEnglish
942 _2ddc
_cBK
999 _c52330
_d52330
005 20220125170857.0